LEADER 01047nam0-22003731i-450- 001 990001509370403321 005 20110202195521.0 010 $a0-8218-2767-7 035 $a000150937 035 $aFED01000150937 035 $a(Aleph)000150937FED01 035 $a000150937 100 $a20030906d2003----km-y0itay50------ba 101 1 $aeng 102 $aUS 105 $aa---a---001yy 200 1 $aIntroduction to prehomogeneous vector spaces$fT. Kimura 210 $aProvidence (RI)$cAmerican Mathematical Society$dc2003 215 $axxii, 288 p.$d24 cm 225 1 $aTranslations of mathematical monographs$v215 610 0 $aSpazi vettoriali 610 0 $aFunzioni zeta 676 $a512.52$v21 700 1$aKimura,$bTatsuo$f<1947- >$067836 801 0$aIT$bUNINA$gRICA$2UNIMARC 901 $aBK 912 $a990001509370403321 952 $aC-29-(215$b19961$fMA1 959 $aMA1 962 $a11S90 962 $a11-01 962 $a11M41 996 $aIntroduction to prehomogeneous vector spaces$9376598 997 $aUNINA LEADER 01345nam a2200373 i 4500 001 991000762569707536 005 20020507173249.0 008 960415s1978 de ||| | eng 020 $a3540089195 035 $ab10753801-39ule_inst 035 $aLE01301949$9ExL 040 $aDip.to Matematica$beng 082 0 $a510.8 082 0 $a512.55 084 $aAMS 20M10 100 1 $aBerglund, John F.$041906 245 10$aCompact right topological semigroups and generalizations of almost periodicity /$cJ. F. Berglund, H. D. Junghenn, P. Milnes 260 $aBerlin :$bSpringer-Verlag,$c1978 300 $avii, 243 p. ;$c25 cm 490 0 $aLecture notes in mathematics,$x0075-8434 ;$v663 500 $aBibliography: p. [239]-243 500 $aIncludes index 650 0$aAlmost periodic functions 650 0$aCompact groups 650 0$aSemigroups 650 0$aTopological semigroups 700 1 $aJunghenn, Hugo D. 700 1 $aMilnes, Paul 907 $a.b10753801$b23-02-17$c28-06-02 912 $a991000762569707536 945 $aLE013 20M BER11 (1978)$g1$i2013000046006$lle013$o-$pE0.00$q-$rl$s- $t0$u0$v0$w0$x0$y.i10847509$z28-06-02 996 $aCompact right topological semigroups and generalizations of almost periodicity$9262946 997 $aUNISALENTO 998 $ale013$b01-01-96$cm$da $e-$feng$gde $h0$i1 LEADER 03597 am 2200721 n 450 001 9910291735803321 005 20180725 010 $a2-86906-558-2 024 7 $a10.4000/books.pufr.11030 035 $a(CKB)4100000007111220 035 $a(FrMaCLE)OB-pufr-11030 035 $a(oapen)https://directory.doabooks.org/handle/20.500.12854/61137 035 $a(PPN)231559569 035 $a(EXLCZ)994100000007111220 100 $a20181017j|||||||| ||| 0 101 0 $afre 135 $auu||||||m|||| 181 $ctxt$2rdacontent 182 $cc$2rdamedia 183 $acr$2rdacarrier 200 10$aTraduire l?exil /$fMichaela Enderle-Ristori 210 $aTours $cPresses universitaires François-Rabelais$d2018 215 $a1 online resource (228 p.) 311 $a2-86906-278-8 330 $aAvec la multiplication des situations de persécution et des phénomènes migratoires au XXe siècle, l'exil est devenu un mode d'existence entre les cultures, et la traduction la figuration de cette négociation permanente entre différents espaces linguistiques et culturels impliquant expérience de l'altérité et recomposition identitaire. Dans le temps court des années 1933 à 1945 qui a vu se transformer les espaces francophone et germanophone sous le poids du national-socialisme, puis de la guerre et de l'Occupation, quels sont alors les modalités concrètes et les enjeux de la traduction ? Quels textes, quels auteurs allemands exilés traduit-on à partir de 1933, et pour quel public ? Sur quels relais, sur quelles stratégies individuelles ou collectives repose l'activité traductologique et quelle fonction assigne-t-on au texte traduit ? D'autre part, quelle est l'incidence de la traduction sur les représentations collectives et les solidarités de groupe, entre exilés et/ou entre résistants français par exemple ? Quelle signification revêt enfin la volonté - ou le refus - de traduire vers le français ou vers l'allemand après 1939-1940, lorsque les flux de personnes se font en sens inverse (dans le cas de Français déplacés en Allemagne notamment) ? Cet ouvrage réunit des analyses d'historiens et de littéraires conduisant leurs réflexions à partir des deux espaces, et dans les deux langues. 606 $aHistory 606 $aLiterary Theory & Criticism 606 $atraduction 606 $arelations franco-allemandes 606 $aSeconde Guerre mondiale 606 $alittérature 606 $aidentité 606 $aexil 610 $aSeconde Guerre mondiale 610 $atraduction 610 $arelations franco-allemandes 610 $aidentité 610 $alittérature 610 $aexil 615 4$aHistory 615 4$aLiterary Theory & Criticism 615 4$atraduction 615 4$arelations franco-allemandes 615 4$aSeconde Guerre mondiale 615 4$alittérature 615 4$aidentité 615 4$aexil 700 $aAprile$b Sylvie$01283722 701 $aArnaud$b Patrice$01303657 701 $aEnderle-Ristori$b Michaela$0996854 701 $aKalinowski$b Isabelle$01286125 701 $aKröger$b Marianne$01303658 701 $aRoussel$b Hélène$01303659 701 $aScheichl$b Sigurd Paul$0155986 701 $aSchulte$b Klaus$01303660 701 $aTeinturier$b Frédéric$01303661 701 $aViëtor-Engländer$b Deborah$01303662 701 $aEnderle-Ristori$b Michaela$0996854 801 0$bFR-FrMaCLE 906 $aBOOK 912 $a9910291735803321 996 $aTraduire l?exil$93027152 997 $aUNINA